| 000 | 02092nam a22002895i 4500 | ||
|---|---|---|---|
| 001 | 21598843 | ||
| 003 | OSt | ||
| 005 | 20260113093318.0 | ||
| 008 | 200702s2020 nyu 000 0 eng | ||
| 010 | _a 2020941623 | ||
| 020 | _a9781529342338 (paperback) | ||
| 040 |
_aDLC _beng _erda _cDLC |
||
| 042 | _apcc | ||
| 082 | _a813.54 GRI | ||
| 100 | _eGrisham, John | ||
| 245 | 1 | 2 |
_aA time for mercy / _cJohn Grisham. |
| 263 | _a2010 | ||
| 264 | 1 |
_aLondon : _bHodder & Stoughton, _c2020. |
|
| 300 |
_a464 pages, _c24 cm. |
||
| 336 |
_atext _btxt _2rdacontent |
||
| 365 | _bRs. 699.00 | ||
| 520 |
_a"Jake Brigance, the protagonist of A Time to Kill, John Grisham's classic legal thriller is back. This time he's at the epicenter of a sensational murder trial that bitterly divides the citizens of Clanton, Mississippi. A Time to Kill is one of the most popular novels of our time. It established Jake as a classic American hero-a lawyer who seeks truth and justice at all costs, even when his life and reputation are on the line. Brigance returned in 2013's Sycamore Row, in which he once again found himself embroiled in a deeply divisive trial. Now, in A Time for Mercy, Jake is the court-appointed lawyer for Drew Gamble, a young man accused of murdering a local deputy. Many in Clanton want a swift trial and the death penalty, but Brigance sees it another way. Once he learns the details of the case, he realizes he has to do everything he can to save Drew-who is sixteen. Jake's commitment to the truth puts his career and the safety of his family at risk. Filled with all the courtroom machinations, small-town intrigues, and plot twists that have become the hallmarks of the master of the legal thriller, A Time for Mercy emphatically confirms John Grisham's reputation as America's favorite storyteller. There is a time to kill, a time for justice, and A TIME FOR MERCY"-- _cProvided by publisher. |
||
| 630 |
_vMississippi _xCriminal Defense Lawyers _yTrials - Murder |
||
| 906 |
_a0 _bibc _corignew _d2 _eepcn _f20 _gy-gencatlg |
||
| 942 |
_2ddc _cBK |
||
| 999 |
_c203763 _d203763 |
||